| 000 | 00681nam a2200229Ia 4500 | ||
|---|---|---|---|
| 003 | OSt | ||
| 005 | 20260124144630.0 | ||
| 008 | 210716s2011 xx 000 0 und d | ||
| 020 | _a9788121904933 | ||
| 040 | _cAIMIT LIBRARY | ||
| 041 | _aeng | ||
| 082 |
_a657.42 _27 _bPILR |
||
| 100 |
_aPillai, R S N. _9252659 |
||
| 245 |
_aCost accounting / _cBy R.S.N. Pillai and V. Bagavathi. |
||
| 250 | _a1st ed. | ||
| 260 |
_aNew Delhi : _bS Chand and Company Ltd , _c2011. |
||
| 300 |
_axxiv, 847 p.; _bPB _c25 cm. |
||
| 650 |
_aMaterial inventory control _9252660 |
||
| 650 |
_aMaterial issue control _9252661 |
||
| 650 |
_aLabour cost _9252662 |
||
| 942 |
_2ddc _cBK _e7th _k657.42 PILR |
||
| 999 |
_c192985 _d192985 |
||